000 00857nam a2200241Ia 4500
003 OSt
005 20221002055320.0
006 a|||||r|||| 00| 0
007 ta
008 220930b |||||||| |||| 00| 0 pan d
020 _c80
024 _a93860
037 _b72878, 31/12/2008, Arsee Publishers
_cReference Collections
040 _aCRL
_cCRL
_bpun
041 _2pun
_apun
082 _aQ8441:33:g, 153M2.1-.5(RR)
100 _aਸੀਤਲ, ਸੋਹਣ ਸਿੰਘ
245 0 _aਸਿੱਖ ਇਤਿਹਾਸ ਦੇ ਸੋਮੇ੍ਵ
260 _aਲੁਧਿਆਣਾ
_b ਲਾਹੌਰ ਬੁਕ Fਾਪ
_c1982
300 _a246ਪੰ
_ccm.
942 _hQ8441:33:g, 153M2.1-.5(RR)
_cref
_2CC
999 _c927292
_d927292